000
00290nam a22001337a 4500
008
170418b xxu||||| |||| 00| 0 eng d
020
_a
x0006bnudx
041
_a
eng
080
_2
2 ED
_a
579
100
_a
11
101
_a
SHM
245
_a
MICROBIOLOGY
_c
HARVEY.R.A
942
_2
udc
_c
BK
999
_c
11015
_d
11015